000 00381nam a2200145Ia 4500
008 100122s9999 xx 000 0 und d
082 _b40100
_a823
100 _aराजहंस
245 _aदिलदार
260 _bमनोरमा प्रकाशन
_c1905
300 _a203
630 _aदिलदार
730 _aदिलदार
942 _cBOOK
999 _c421062
_d421059